000 01648cam a2200277zu 4500
001 10104031
003 FRCYB10104031
005 20251020123501.0
006 m o d
007 cr un
008 251020s2005 fr | o|||||0|0|||fre d
020 _a9782847690491
035 _aFRCYB10104031
040 _aFR-PaCSA
_bfr
_c
_erda
100 1 _aDesreumaux, Alain
245 0 1 _aThéorie des organisations
_c['Desreumaux, Alain']
264 1 _bEMS Editions
_c2005
300 _a p.
336 _btxt
_2rdacontent
337 _bc
_2rdamdedia
338 _bc
_2rdacarrier
650 0 _a
700 0 _aDesreumaux, Alain
856 4 0 _2Cyberlibris
_uhttps://international.scholarvox.com/netsen/book/10104031
_qtext/html
_a
520 _aLes objectifs de cet ouvrage sont de présenter les éléments de base d’une compréhension du monde des organisations dans sa diversité et sa complexité, ainsi que les principales approches ou courant théoriques traitant des questions fondamentales que posent les organisations : qu’est-ce qui constitue l’essence de l’organisation, comment la distinguer d’autres types de collectivités, sur quelles bases peut-on répertorier les différentes formes d’organisation, de quoi se compose une organisation, qu’est-ce qui en fonde la dynamique au cours du temps ? Sur toutes ces questions, les sciences humaines et sociales apportent des éléments de réponse dont cet ouvrage restitue l’essentiel tout en soulignant le caractère composite des connaissances accumulées, la diversité des points de vue et la concurrence, voire le conflit des interprétations.
999 _c1554408
_d1554408